| 000 | 02611cam a22004098a 4500 | ||
|---|---|---|---|
| 001 | 15106743 | ||
| 005 | 20071211143328.0 | ||
| 008 | 071206s2008 enk b 001 0 eng | ||
| 010 | _a 2007049690 | ||
| 020 | _a9781405160513 (pbk. : alk. paper) | ||
| 020 | _a1405160519 (pbk. : alk. paper) | ||
| 035 | _a(DNLM)101322799 | ||
| 040 |
_aDNLM/DLC _cDLC |
||
| 042 | _apcc | ||
| 050 | 0 | 0 |
_aRT73 _b.I58 2008 |
| 060 | 1 | 0 |
_aWY 86 _bI613 2008 |
| 082 | 0 | 0 |
_a610.73 _222 _bINT |
| 245 | 0 | 0 |
_aInternational textbook of reflective practice in nursing / _ceditors, Dawn Freshwater, Beverley J. Taylor, and Gwen Sherwood. |
| 260 |
_aOxford ; _aMalden, MA : _bBlackwell Pub., _c2008. |
||
| 263 | _a0806 | ||
| 300 |
_a244 p ; _c20 cm. |
||
| 504 | _aIncludes bibliographical references and index. | ||
| 505 | 0 | _aReflective practice: the state of the art / Dawn Freshwater -- Reflexivity: using reflection as an approach to research / Beverley J. Taylor -- Developing an evidence based approach to practice through reflection / Dawn Freshwater -- International perspectives in reflective practice: global knowledge / Beverley Taylor ... [et al.] -- Using critical reflection to improve practice / Philip Esterhuizen and Dawn Freshwater -- Clinical supervision and reflective practice / Philip Esterhuizen and Dawn Freshwater -- Reflective practice: the route to nursing leadership / Gwen Sherwood and Sara Horton-Deutsch -- Reflective practice and therapeutic use of self / Dawn Freshwater, Philip Esterhuizen and Sara Horton-Deutsch -- Developing a reflective curriculum / Gwen Sherwood, Philip Esterhuizen and Sara Horton Deutsch -- -- Caring and reflection: the essence of nursing / Beverley J. Taylor -- Reflective narratives: developing a career pathway / Dawn Freshwater and Philip Esterhuizen. | |
| 650 | 0 |
_aNursing _xStudy and teaching. |
|
| 650 | 0 |
_aNursing _xPhilosophy. |
|
| 650 | 1 | 2 | _aPhilosophy, Nursing. |
| 650 | 2 | 2 | _aLeadership. |
| 650 | 2 | 2 | _aNursing, Supervisory. |
| 700 | 1 | _aFreshwater, Dawn. | |
| 700 | 1 |
_aTaylor, Beverley J. _q(Beverley Joan), _d1951- |
|
| 700 | 1 | _aSherwood, Gwen. | |
| 710 | 2 | _aSigma Theta Tau International. | |
| 942 |
_2ddc _cBB |
||
| 999 |
_c10894 _d10894 |
||